Atlas departamental del Perú : (Registro nro. 224)
[ vista simple ]
| 000 -Cabecera | |
|---|---|
| Campo de control interno | 01054nam a2200253Ia 4500 |
| 005 - Fecha y hora del registro | |
| control field | 20251203123019.0 |
| 008 - Elementos de Longitud Fija | |
| fixed length control field | 251203t2003||||xx |||||||||||||| ||spa|| |
| 020 ## - ISBN | |
| ISBN | 9972402576 |
| 041 ## - Idioma | |
| Codigo Idioma | ESP |
| 082 ## - DEWEY y NOTACIÓN INTERNA | |
| Dewey | RT 918.5 |
| Notación Interna | P38 |
| 100 ## - AUTOR | |
| Autor denominación | Garayar, Carlos, |
| Títulos y otras palabras asociadas con el nombre | DIR |
| 110 ## - AUTOR INSTTITUCIONAL | |
| Autor Institucional | Peisa |
| 245 #0 - TÍTULO DE MATERIAL BIBLIOGRÁFICO | |
| Título | Atlas departamental del Perú : |
| Título paralelo | imagen geográfica, estadística, histórica y cultural. Tomo 1-12 |
| 250 ## - EDICIÓN | |
| Edición | Primera edición |
| 260 ## - CIUDAD, EDITORIAL, AÑO | |
| Ciudad | Lima : |
| Nombre de la Editorial | Peisa, |
| Año | 2003 |
| 300 ## - DESCRIPCIÓN | |
| N° Páginas | 200 páginas : |
| Otros detalles | ilustraciones, fotografías, mapas ; |
| Dimensiones | 29 cm. |
| Material Adicional | |
| 440 ## - MENCIÓN DE SERIE | |
| Título de la Serie | |
| Número de Serie | |
| Volumen de Serie | |
| 505 ## - TABLA DE CONTENIDO | |
| Tabla de Contenido | Contiene: Tomo 1: Cuzco-Apurímac; Tomo 2: Arequipa-Moquegua; Tomo 3: Puno-Tacna; Tomo 4: Áncash-Huánuco; Tomo 5: Piura-Tumbes; Tomo 6: La Libertad-Lambayeque; Tomo 7: Madre de Dios-Ucayali; Tomo 8: Ayacucho-Ica; Tomo 9: Lima-Callao–Pasco; Tomo 10: Junín- Huancavelica; Tomo 11: Amazonas-Cajamarca; Tomo 12: Loreto-San Martín. |
| 650 ## - TEMAS | |
| Temas | Geografía |
| 653 ## - DESCRIPTORES | |
| Lenguajes no controlado | Perú - Descripciones y viajes; Atlas |
| 654 ## - PROGRAMAS | |
| Programa | Todos los programas |
| 942 ## - ELEMENTOS DE KOHA | |
| Tipo de documento | Libro |
| Nombre del creador | Justo Noguera |
| Código de catalogador | Margarita Torres |
| Esquema de clasificación | Dewey Decimal Classification |
| Suppress in OPAC | |
| Codigo completo | Registro | Colección | Copia número | Disponibilidad | Tipo de préstamo | Biblioteca Actual | Procedencia (Biblioteca) | Ubicacón | Fecha Ingreso | Tipo de Adquisición | Date last seen | Total checkouts | Price effective from | Tipo de Item | Estado del Material | Fuente de Clasificación | Damaged status | Withdrawn status |
|---|---|---|---|---|---|---|---|---|---|---|---|---|---|---|---|---|---|---|
| RT 918.5 P38 | 1085095 | Colección Vera Bejar | 1 | Restringido | Víctor Andrés Belaunde | Víctor Andrés Belaunde | Planta baja cerrada | 03/12/2025 | Donación | 03/12/2025 | 03/12/2025 | Libro | Bueno | Dewey Decimal Classification | Withdrawn |




